[Event "SR 2. liga A 2013/2014"]
[Site "?"]
[Date "2014.01.12"]
[Round "6.5"]
[White "Maslik, Miroslav"]
[Black "Kovacocy, Pavel"]
[Result "1-0"]
[WhiteElo "2366"]
[BlackElo "2198"]
[PlyCount "119"]
[EventDate "2013.??.??"]

1. d4 g6 2. e4 Bg7 3. Nc3 d6 4. Be3 Nd7 5. Bc4 e6 6. Qd2 h6 7. Nge2 Ne7 8. O-O
a6 9. a4 b6 10. f4 Nf6 11. d5 exd5 12. exd5 Nf5 13. Nd4 Nxd4 14. Bxd4 O-O 15.
Rae1 Bd7 16. Bd3 Nh5 17. Bxg7 Nxg7 18. Ne4 f5 19. Nc3 Qf6 20. Rf3 Qd4+ 21. Qf2
Qxf2+ 22. Kxf2 Rfe8 23. Rfe3 Kf7 24. Rxe8 Nxe8 25. Ke3 Nf6 26. Kd4 Bc8 27. a5
b5 28. Na2 Bb7 29. c4 bxc4 30. Bxc4 Ne4 31. b4 Kf6 32. Nc3 Nxc3 33. Kxc3 Rg8
34. g3 Kf7 35. Kd4 Rb8 36. Bd3 Ba8 37. Rb1 Bb7 38. b5 Bc8 39. bxa6 Ra8 40. Rc1
Ra7 41. Bb5 Kf6 42. Kc4 g5 43. Re1 gxf4 44. gxf4 Bxa6 45. Bxa6 Rxa6 46. Kb5 Ra7
47. a6 Kf7 48. Ka5 Ra8 49. Rc1 Kg6 50. Rxc7 Kh5 51. Rg7 Rb8 52. a7 Rb2 53. Ka6
Rxh2 54. a8=Q Ra2+ 55. Kb7 Rxa8 56. Kxa8 Kh4 57. Kb7 h5 58. Kc6 Kh3 59. Kxd6 h4
60. Ke5 1-0

[Event "SR 2. liga A 2013/2014"]
[Site "?"]
[Date "2014.01.12"]
[Round "6.5"]
[White "Drtina, Milan"]
[Black "Varholakova, Niki"]
[Result "1-0"]
[WhiteElo "2135"]
[BlackElo "2151"]
[PlyCount "55"]
[EventDate "2013.??.??"]

1. e4 e5 2. Nf3 Nc6 3. Bb5 d6 4. O-O Nf6 5. d4 exd4 6. Nxd4 Bd7 7. Nxc6 bxc6 8.
Bc4 Be7 9. Nc3 O-O 10. h3 Re8 11. f4 Bf8 12. Qf3 Rb8 13. b3 Qe7 14. Bd3 Kh8 15.
Bb2 Bc8 16. Qf2 d5 17. e5 Nd7 18. Na4 Bb7 19. Rae1 Nc5 20. Nxc5 Qxc5 21. Bd4
Qa5 22. Qh4 h6 23. e6 f6 24. Bxf6 Qc5+ 25. Kh1 gxf6 26. Qxf6+ Bg7 27. Qg6 Kg8
28. f5 1-0

[Event "SR 2. liga A 2013/2014"]
[Site "?"]
[Date "2014.01.12"]
[Round "6.5"]
[White "Madar, Martin"]
[Black "Liptak, Dusan"]
[Result "1/2-1/2"]
[WhiteElo "2135"]
[BlackElo "2108"]
[PlyCount "105"]
[EventDate "2013.??.??"]

1. e4 c5 2. d3 Nc6 3. Nd2 g6 4. g3 Bg7 5. Bg2 e6 6. Ngf3 Nge7 7. O-O d5 8. Re1
O-O 9. c3 b5 10. e5 Rb8 11. Qe2 b4 12. Nb3 c4 13. dxc4 Ba6 14. Bg5 bxc3 15.
bxc3 Bxc4 16. Qc2 Re8 17. Nbd2 Ba6 18. Qa4 Qa5 19. Qxa5 Nxa5 20. Nb3 Nb7 21.
Nfd4 Rbc8 22. Rac1 Nc5 23. Nxc5 Rxc5 24. Bf1 Bxf1 25. Kxf1 Nc8 26. Be3 Ra5 27.
Rc2 Ne7 28. f4 Rc8 29. Rb1 Nf5 30. Nxf5 gxf5 31. Rb7 a6 32. Ke2 Bf8 33. Kd3 Ra3
34. Bd4 Bc5 35. Bxc5 Rxc5 36. Rb3 Ra4 37. Rb8+ Kg7 38. Rb6 Rca5 39. Rbb2 Rc5
40. Rb6 Rca5 41. Rbb2 Rc5 42. h3 h5 43. Rg2 Rc8 44. Rb6 Ra3 45. Rc2 Rc5 46. Rb3
Ra4 47. Rg2 Rc8 48. Rb4 Ra3 49. Rc2 Rc5 50. Kd4 Rca5 51. Rbb2 R3a4+ 52. Ke3 Rc5
53. Kf3 1/2-1/2

[Event "SR 2. liga A 2013/2014"]
[Site "?"]
[Date "2014.01.12"]
[Round "6.5"]
[White "Janos, Ivan"]
[Black "Arendas, Marek"]
[Result "1-0"]
[WhiteElo "2105"]
[BlackElo "2096"]
[PlyCount "65"]
[EventDate "2013.??.??"]

1. e4 c6 2. d4 d5 3. Nc3 dxe4 4. Nxe4 Nf6 5. Nxf6+ exf6 6. Nf3 Bd6 7. Bd3 O-O
8. h3 Re8+ 9. Be3 Bf4 10. Qe2 Qe7 11. O-O Bxe3 12. Rae1 Bxf2+ 13. Qxf2 Be6 14.
c4 Qd8 15. Qh4 g6 16. Qh6 Nd7 17. h4 Qc7 18. Re3 Nf8 19. h5 Qg3 20. hxg6 fxg6
21. Nd2 Qg5 22. Qxg5 fxg5 23. Ne4 Kg7 24. Nf6 Red8 25. d5 cxd5 26. cxd5 Bxd5
27. Re7+ Kh8 28. Bxg6 Bg8 29. Be4 Bc4 30. Rc1 Bd3 31. Bxd3 Rxd3 32. Rcc7 Rd1+
33. Kh2 1-0

[Event "SR 2. liga A 2013/2014"]
[Site "?"]
[Date "2014.01.12"]
[Round "6.5"]
[White "Syrovy, Ivan"]
[Black "Liptak, Tomas"]
[Result "0-1"]
[WhiteElo "2029"]
[BlackElo "2108"]
[PlyCount "112"]
[EventDate "2013.??.??"]

1. e4 c5 2. Nf3 d6 3. d4 cxd4 4. Nxd4 Nf6 5. Nc3 a6 6. Be2 e5 7. Nb3 Be6 8. O-O
Nbd7 9. f4 Qc7 10. Be3 b5 11. a3 Be7 12. Qe1 exf4 13. Bxf4 Ne5 14. Rd1 Nc4 15.
Bxc4 bxc4 16. Nd4 Bg4 17. Rb1 O-O 18. Kh1 Rfe8 19. Qg3 Qc5 20. Be3 Qh5 21. h3
Bd7 22. Nf5 Qg6 23. Nxe7+ Rxe7 24. Qxd6 Re6 25. Qd4 Bc6 26. Rf4 Rae8 27. Bf2
Nxe4 28. Rg4 Qf6 29. Nxe4 Bxe4 30. Rf1 h5 31. Rg3 Bxc2 32. Qxc4 Re2 33. Rf3 Qg6
34. Rg3 Qf6 35. Rf3 Qe6 36. Qc5 Be4 37. Rg3 Bg6 38. b4 Rc8 39. Qa7 Rcc2 40. Bd4
Rcd2 41. Bc3 Rc2 42. Qb8+ Kh7 43. Qf8 f6 44. Bxf6 gxf6 45. Rxf6 Re1+ 46. Kh2
Rcc1 47. Rgxg6 Rh1+ 48. Kg3 Qe5+ 49. Rf4 Kxg6 50. Qf7+ Kh6 51. Qf6+ Qxf6 52.
Rxf6+ Kg5 53. Rxa6 Rc3+ 54. Kf2 Rc2+ 55. Kg3 Rc3+ 56. Kf2 Rb1 0-1

[Event "SR 2. liga A 2013/2014"]
[Site "?"]
[Date "2014.01.12"]
[Round "6.5"]
[White "Puskar, Peter"]
[Black "Hulla, Stanislav"]
[Result "1-0"]
[WhiteElo "2063"]
[BlackElo "1978"]
[PlyCount "71"]
[EventDate "2013.??.??"]

1. d4 Nf6 2. c4 g6 3. Nc3 d5 4. cxd5 Nxd5 5. e4 Nxc3 6. bxc3 Bg7 7. Bc4 c5 8.
Ne2 Nc6 9. Be3 O-O 10. O-O Na5 11. Bd3 b6 12. dxc5 Be6 13. cxb6 axb6 14. Bd4
Bc4 15. f4 Qc7 16. e5 Bxd3 17. Qxd3 Nc4 18. Rfb1 Ra4 19. Rb4 Rfa8 20. Rab1 R8a6
21. Rxa4 Rxa4 22. Rb4 Qc6 23. Rxa4 Qxa4 24. Bxb6 Nxb6 25. Qd8+ Bf8 26. Qxb6
Qxa2 27. Qe3 e6 28. h3 h5 29. Ng3 Qb1+ 30. Kh2 Kg7 31. Ne4 Ba3 32. c4 Bc1 33.
Qf3 Qc2 34. c5 Bb2 35. Ng5 Qxc5 36. Qb7 1-0

[Event "SR 2. liga A 2013/2014"]
[Site "?"]
[Date "2014.01.12"]
[Round "6.5"]
[White "Pekar, Jozef"]
[Black "Puchart, Vladimir"]
[Result "0-1"]
[WhiteElo "1913"]
[BlackElo "2051"]
[PlyCount "64"]
[EventDate "2013.??.??"]

1. e4 c5 2. Nc3 Nc6 3. g3 g6 4. Bg2 Bg7 5. Nge2 e6 6. d3 Nge7 7. Be3 Nd4 8. Nf4
d6 9. O-O Rb8 10. Rb1 O-O 11. Nce2 e5 12. Nd5 Nxd5 13. exd5 b5 14. c4 bxc4 15.
dxc4 Bf5 16. Qd2 Nxe2+ 17. Qxe2 Bxb1 18. Rxb1 Qa5 19. b3 f5 20. Bg5 Rfe8 21.
Bc1 e4 22. Be3 Qc3 23. Rd1 a5 24. Rc1 Qb2 25. Rc2 Qf6 26. Qd2 a4 27. bxa4 Rb1+
28. Rc1 Reb8 29. Rxb1 Rxb1+ 30. Bf1 Qa1 31. Qe2 Rb2 32. Bd2 Qxa2 0-1

[Event "SR 2. liga A 2013/2014"]
[Site "?"]
[Date "2014.01.12"]
[Round "6.5"]
[White "Doucha, Ludvik"]
[Black "Feder, Marek"]
[Result "1-0"]
[WhiteElo "2039"]
[BlackElo "1874"]
[PlyCount "55"]
[EventDate "2013.??.??"]

1. e4 c5 2. c4 Nc6 3. Ne2 g6 4. d4 cxd4 5. Nxd4 Bg7 6. Be3 d6 7. Nc3 a6 8. Be2
e5 9. Nc2 f5 10. f3 Nh6 11. O-O f4 12. Bf2 Nf7 13. Nd5 O-O 14. b4 Be6 15. Bb6
Qd7 16. a4 Bxd5 17. Qxd5 Ne7 18. Qd2 Qc6 19. a5 Nc8 20. b5 Qd7 21. Bf2 Na7 22.
Qd5 g5 23. Rfb1 axb5 24. cxb5 Nc8 25. a6 Ne7 26. Qxb7 Qxb7 27. axb7 Rxa1 28.
Rxa1 1-0

[Event "SR 2. liga A 2013/2014"]
[Site "?"]
[Date "2014.01.12"]
[Round "6.6"]
[White "Federic, Jozef"]
[Black "Pagerka, Martin"]
[Result "1-0"]
[WhiteElo "2269"]
[BlackElo "2224"]
[PlyCount "119"]
[EventDate "2013.??.??"]

1. d4 Nf6 2. Nf3 g6 3. g3 Bg7 4. Bg2 O-O 5. c4 d5 6. O-O dxc4 7. Na3 Be6 8. Ng5
Bc8 9. Nxc4 c6 10. b3 Na6 11. Bb2 Nc7 12. Rc1 Nfe8 13. Nf3 Nd6 14. Nfe5 f6 15.
Nd3 Nf7 16. a4 h5 17. b4 h4 18. gxh4 Nh6 19. Nf4 Kf7 20. Qb3 Ne6 21. Ne3 Qd6
22. Nd3 Nf5 23. Nxf5 gxf5 24. h5 Bh6 25. f4 Rg8 26. e3 b6 27. Rf3 Rxg2+ 28.
Kxg2 Bb7 29. Kf2 Rg8 30. Rg3 Rh8 31. Ba3 Bf8 32. b5 c5 33. dxc5 bxc5 34. Bxc5
Qd8 35. Rd1 Qa8 36. Nb4 Rxh5 37. h3 Qc8 38. Nc6 Bxc6 39. bxc6 Qxc6 40. Bxa7 Rh8
41. Bb6 Bh6 42. a5 Rc8 43. Qd5 Qa4 44. Rd2 Qb4 45. Ra2 Rc3 46. Rf3 Rc1 47. Kg3
Qe1+ 48. Rff2 Rd1 49. Rad2 Ra1 50. Qxf5 Ng7 51. Qg4 f5 52. Qe2 Qh1 53. Rg2 Ra3
54. Kh4 Qc1 55. Rc2 Qb1 56. Qc4+ Ne6 57. Rc1 Qe4 58. Qxe4 fxe4 59. Rc6 Bg7 60.
Rxe6 1-0

[Event "SR 2. liga A 2013/2014"]
[Site "?"]
[Date "2014.01.12"]
[Round "6.6"]
[White "Jozefek, Michal"]
[Black "Banas, Kamil"]
[Result "1-0"]
[WhiteElo "2168"]
[BlackElo "2221"]
[PlyCount "103"]
[EventDate "2013.??.??"]

1. d4 d5 2. c4 e6 3. Nc3 c6 4. cxd5 exd5 5. Qc2 g6 6. Bf4 Bf5 7. Qd2 Bd6 8.
Bxd6 Qxd6 9. e3 Nd7 10. Nge2 Be6 11. Ng3 f5 12. Bd3 Ngf6 13. f3 h5 14. Nge2 h4
15. O-O-O O-O-O 16. Rhg1 Bf7 17. Nf4 Rde8 18. Rde1 Nh5 19. g3 hxg3 20. hxg3
Nxf4 21. gxf4 Rh3 22. Qg2 Rh4 23. Rh1 Rxh1 24. Qxh1 Kb8 25. Kb1 Qf6 26. Re2 a6
27. Bc2 Ka7 28. Qg1 b6 29. Bb3 Kb7 30. Rh2 Qe7 31. Nd1 c5 32. Rd2 c4 33. Bc2 b5
34. Rh2 Nf6 35. Qg5 Qd6 36. Rh6 Ng8 37. Rh7 Re7 38. Rh8 Qd7 39. Kc1 Qe8 40. Kd2
b4 41. Ke2 Rc7 42. Kf2 b3 43. axb3 cxb3 44. Bd3 Rc2+ 45. Be2 Qc8 46. Rh7 Qe8
47. Qxg6 Rc7 48. Qxa6+ Kb8 49. Nc3 Qc8 50. Qa3 Qb7 51. Qf8+ Qc8 52. Rxf7 1-0

[Event "SR 2. liga A 2013/2014"]
[Site "?"]
[Date "2014.01.12"]
[Round "6.6"]
[White "Dugovic, Branislav"]
[Black "Jablonicky, Frantisek"]
[Result "1/2-1/2"]
[WhiteElo "2175"]
[BlackElo "2146"]
[PlyCount "39"]
[EventDate "2013.??.??"]

1. Nf3 f5 2. g3 Nf6 3. Bg2 d6 4. d4 g6 5. O-O Bg7 6. c4 O-O 7. Nc3 Qe8 8. Nd5
Na6 9. Rb1 Ne4 10. Ng5 e6 11. Nxe4 exd5 12. Nd2 dxc4 13. Nxc4 Qf7 14. b3 Nb4
15. Qd2 Nd5 16. Ne3 Be6 17. Nxd5 Bxd5 18. f3 Bc6 19. e4 Bb5 20. Re1 1/2-1/2

[Event "SR 2. liga A 2013/2014"]
[Site "?"]
[Date "2014.01.12"]
[Round "6.6"]
[White "Spacek, Oliver"]
[Black "Mydlarik, Martin"]
[Result "1/2-1/2"]
[WhiteElo "2041"]
[BlackElo "2112"]
[PlyCount "199"]
[EventDate "2013.??.??"]

1. d4 Nf6 2. Nf3 b5 3. Bg5 Ne4 4. Bh4 Bb7 5. e3 c5 6. dxc5 Na6 7. Nbd2 Naxc5 8.
Bxb5 Qa5 9. a4 a6 10. Bc4 d5 11. Be2 e6 12. c3 Qc7 13. c4 Nxd2 14. Nxd2 dxc4
15. O-O c3 16. Bg3 Bd6 17. Bxd6 Qxd6 18. Nc4 Qxd1 19. Rfxd1 cxb2 20. Nxb2 Ke7
21. a5 Rhd8 22. Nd3 Ne4 23. Rdb1 Bd5 24. Nb4 Nc3 25. Nxd5+ Rxd5 26. Rb7+ Rd7
27. Rxd7+ Kxd7 28. Bf1 Kd6 29. Rc1 Rc8 30. Rc2 Rc6 31. f3 Nb5 32. Rb2 Rc1 33.
Kf2 Rc5 34. e4 Kc7 35. Be2 Nc3 36. h4 Nxe2 37. Kxe2 Rxa5 38. Ke3 e5 39. Rc2+
Kb7 40. Kf2 Rb5 41. Rd2 Rc5 42. Rd7+ Rc7 43. Rd5 f6 44. g3 Kb6 45. f4 exf4 46.
gxf4 a5 47. h5 a4 48. Kg3 a3 49. Rd3 a2 50. Rb3+ Kc5 51. Ra3 Kd4 52. Ra4+ Ke3
53. e5 fxe5 54. fxe5 a1=Q 55. Rxa1 Ke4 56. Kg4 Kxe5 57. Re1+ Kf6 58. Rf1+ Ke6
59. Re1+ Kf7 60. Rf1+ Kg8 61. Rf4 Rc1 62. Ra4 Rg1+ 63. Kh4 Rf1 64. Ra8+ Rf8 65.
Ra7 Re8 66. Ra4 Re7 67. Rf4 g6 68. hxg6 hxg6 69. Rf3 Kg7 70. Kg3 Kh6 71. Ra3
Rb7 72. Kg2 Rb4 73. Kg3 Kh5 74. Kg2 g5 75. Rh3+ Kg6 76. Ra3 Rc4 77. Ra6+ Kh5
78. Ra3 Kg6 79. Ra6+ Kf5 80. Ra3 Rd4 81. Ra5+ Kg4 82. Ra3 Rd2+ 83. Kf1 Kh4 84.
Ra4+ g4 85. Ra3 Rb2 86. Rc3 Rb1+ 87. Kf2 Rb2+ 88. Kg1 Re2 89. Ra3 g3 90. Ra8
Re4 91. Rh8+ Kg4 92. Rg8+ Kf3 93. Rf8+ Rf4 94. Rxf4+ Kxf4 95. Kg2 Kg4 96. Kf1
Kf5 97. Kg2 Kg4 98. Kg1 Kf3 99. Kf1 Kg4 100. Kg2 1/2-1/2

[Event "SR 2. liga A 2013/2014"]
[Site "?"]
[Date "2014.01.12"]
[Round "6.6"]
[White "Jablonicky, Martin"]
[Black "Karlik, Lukas"]
[Result "0-1"]
[WhiteElo "1967"]
[BlackElo "1935"]
[PlyCount "92"]
[EventDate "2013.??.??"]

1. e4 d5 2. exd5 Qxd5 3. Nc3 Qa5 4. Nf3 Nf6 5. d4 c6 6. Be2 Bf5 7. O-O e6 8.
Re1 Bd6 9. Bd3 Bxd3 10. Qxd3 Nbd7 11. Bd2 Qc7 12. Ne4 Nxe4 13. Rxe4 Nf6 14. Re2
O-O 15. c4 Bf4 16. Bc3 Rfd8 17. g3 Bd6 18. Ng5 h6 19. Ne4 Be7 20. Qf3 Nxe4 21.
Rxe4 b5 22. b3 b4 23. Bb2 Rd7 24. Rae1 Rad8 25. Rf4 Bg5 26. Rfe4 Bf6 27. Qg4 c5
28. Bc1 Bxd4 29. Bf4 Qc6 30. Qh5 Bc3 31. Be5 Bxe1 32. Rxe1 Rf8 33. Qg4 f6 34.
Bf4 e5 35. Bc1 f5 36. Qh5 Qe6 37. Bb2 e4 38. Bc1 Kh7 39. Be3 Rc8 40. h3 Qg6 41.
Qh4 Qf6 42. Qh5 g5 43. Kh2 f4 44. gxf4 gxf4 45. Bxc5 Rg8 46. f3 Rg5 0-1

[Event "SR 2. liga A 2013/2014"]
[Site "?"]
[Date "2014.01.12"]
[Round "6.6"]
[White "Kundrak, Vladimir"]
[Black "Pericka, Tomas"]
[Result "1/2-1/2"]
[WhiteElo "1945"]
[BlackElo "1994"]
[PlyCount "68"]
[EventDate "2013.??.??"]

1. b3 d5 2. Bb2 Nc6 3. e3 Nf6 4. Bb5 a6 5. Bxc6+ bxc6 6. Nf3 Bg4 7. h3 Bh5 8.
g4 Bg6 9. Ne5 Qd6 10. f4 Be4 11. Rg1 e6 12. d3 Bg6 13. Nd2 Nd7 14. Ndf3 Nxe5
15. Bxe5 Qb4+ 16. Qd2 Qb6 17. h4 f6 18. Bb2 Bb4 19. c3 Bc5 20. Ke2 O-O-O 21. b4
Bd6 22. a4 f5 23. g5 Bh5 24. d4 Kd7 25. Rab1 a5 26. Ba3 Rb8 27. Kf2 Qa6 28.
Ne5+ Bxe5 29. fxe5 axb4 30. Bxb4 Qxa4 31. Ra1 Qb3 32. Qa2 Qxa2+ 33. Rxa2 Ra8
34. Rga1 Rxa2+ 1/2-1/2

[Event "SR 2. liga A 2013/2014"]
[Site "?"]
[Date "2014.01.12"]
[Round "6.6"]
[White "Diviak, Rastislav"]
[Black "Hlubovic, Michal"]
[Result "1-0"]
[WhiteElo "1998"]
[BlackElo "1782"]
[PlyCount "51"]
[EventDate "2013.??.??"]

1. e4 d6 2. d4 Nf6 3. Nc3 e5 4. Nf3 Nbd7 5. Bc4 Be7 6. O-O O-O 7. h3 c6 8. a4
b6 9. Bg5 Bb7 10. Qd2 exd4 11. Qxd4 c5 12. Qe3 Ne5 13. Nxe5 dxe5 14. Rfd1 Nd7
15. Bxe7 Qxe7 16. Bd5 Nf6 17. Bxb7 Qxb7 18. Nd5 Ne8 19. Qg3 f6 20. Rd2 Nd6 21.
Qg4 Qf7 22. Nxb6 Nxe4 23. Rd7 f5 24. Qd1 Qg6 25. Nxa8 f4 26. Qd5+ 1-0

[Event "SR 2. liga A 2013/2014"]
[Site "?"]
[Date "2014.02.01"]
[Round "7.1"]
[White "Danada, Tomas"]
[Black "Petenyi, Tamas"]
[Result "1/2-1/2"]
[WhiteElo "2099"]
[BlackElo "2464"]
[PlyCount "68"]
[EventDate "2013.??.??"]

1. d4 g6 2. e4 Bg7 3. Nf3 d6 4. Be2 Nf6 5. Nc3 O-O 6. O-O c6 7. a4 Qc7 8. Be3
Bg4 9. Nd2 Bxe2 10. Qxe2 Nbd7 11. Rfd1 Rfe8 12. Nc4 d5 13. exd5 cxd5 14. Ne5
Nxe5 15. Bf4 Nfd7 16. dxe5 e6 17. Nb5 Qb8 18. c4 Bxe5 19. Bxe5 Nxe5 20. cxd5
exd5 21. Rxd5 Re7 22. Rad1 Nc6 23. Qd2 Qf8 24. Nd4 Nxd4 25. Rxd4 Rae8 26. Kf1
Qg7 27. Rd8 Qf6 28. Qd6 Qh4 29. b3 Qe4 30. Rxe8+ Rxe8 31. Qd3 Qe5 32. g3 Qe6
33. Kg2 a6 34. Qf3 Qe7 1/2-1/2

[Event "SR 2. liga A 2013/2014"]
[Site "?"]
[Date "2014.02.01"]
[Round "7.1"]
[White "Csiba, Dominik"]
[Black "Petrik, Stanislav"]
[Result "1-0"]
[WhiteElo "2373"]
[BlackElo "2175"]
[PlyCount "55"]
[EventDate "2013.??.??"]

1. e4 c5 2. Nf3 Nc6 3. Bb5 g6 4. O-O Bg7 5. c3 Qb6 6. Bxc6 Qxc6 7. Re1 c4 8. b3
b5 9. a4 Ba6 10. axb5 Bxb5 11. e5 cxb3 12. Nd4 Qb6 13. Qxb3 Bc6 14. Qc4 Bb7 15.
Na3 Rc8 16. Qe2 Kf8 17. Nc4 Qc7 18. Rxa7 Qb8 19. Ra4 Qc7 20. Ba3 Bd5 21. Nd6
Ra8 22. Rxa8+ Bxa8 23. Qa6 Qd8 24. Nc8 Bd5 25. Nxe7 Nxe7 26. Qd6 Be6 27. Nc6
Qa8 28. Rb1 1-0

[Event "SR 2. liga A 2013/2014"]
[Site "?"]
[Date "2014.02.01"]
[Round "7.1"]
[White "Petrik, Karol"]
[Black "Takacs, Laszlo"]
[Result "1/2-1/2"]
[WhiteElo "2107"]
[BlackElo "2130"]
[PlyCount "70"]
[EventDate "2013.??.??"]

1. e4 c5 2. Nf3 e6 3. c4 Nc6 4. g3 Nf6 5. d3 Be7 6. Bg2 d5 7. Qe2 O-O 8. O-O h6
9. b3 dxe4 10. dxe4 Nxe4 11. Rd1 Qb6 12. Bb2 Bf6 13. Bxf6 Nxf6 14. Nc3 Qc7 15.
Nb5 Qe7 16. Ne5 Nxe5 17. Qxe5 a6 18. Nd6 Qc7 19. f4 Rb8 20. Rd2 Ne8 21. Ne4 b6
22. Rad1 Qxe5 23. fxe5 f6 24. Nd6 Nxd6 25. Rxd6 fxe5 26. Re1 b5 27. cxb5 axb5
28. Rxe5 c4 29. Rc5 cxb3 30. axb3 Bb7 31. Bh3 Bd5 32. Bxe6+ Bxe6 33. Rxe6 Rf3
34. Re7 Rxb3 35. Rcc7 Rb2 1/2-1/2

[Event "SR 2. liga A 2013/2014"]
[Site "?"]
[Date "2014.02.01"]
[Round "7.1"]
[White "Blaho, Stefan"]
[Black "Karas, Marek"]
[Result "0-1"]
[WhiteElo "2122"]
[BlackElo "2037"]
[PlyCount "68"]
[EventDate "2013.??.??"]

1. d4 Nf6 2. c4 e6 3. Nf3 b6 4. g3 Bb7 5. Bg2 c5 6. d5 exd5 7. Nh4 g6 8. Nc3
Bg7 9. cxd5 d6 10. O-O O-O 11. e4 Na6 12. Re1 Re8 13. Bf4 Nh5 14. Be3 Nc7 15.
Nf5 Bf8 16. Nh6+ Bxh6 17. Bxh6 b5 18. g4 Ng7 19. Re3 b4 20. Na4 g5 21. Rh3 Bc8
22. Bf3 Bd7 23. b3 Qf6 24. Rb1 Nb5 25. Qd2 Re5 26. Nb2 Nd4 27. Bg2 Bxg4 28.
Bxg7 Kxg7 29. Rg3 Nf3+ 30. Bxf3 Bxf3 31. Nc4 Bxe4 32. Nxe5 Bxb1 33. Rxg5+ Bg6
34. Ng4 Qd4 0-1

[Event "SR 2. liga A 2013/2014"]
[Site "?"]
[Date "2014.02.01"]
[Round "7.1"]
[White "Merva, Frantisek"]
[Black "Helbich, Branislav"]
[Result "1-0"]
[WhiteElo "2022"]
[BlackElo "2050"]
[PlyCount "129"]
[EventDate "2013.??.??"]

1. d4 d5 2. c4 c6 3. Nc3 Nf6 4. e3 g6 5. Nf3 Bg7 6. Be2 O-O 7. O-O Nbd7 8. b3
Nb6 9. a4 a5 10. Rb1 Re8 11. Ne5 Ne4 12. Nxe4 dxe4 13. h3 Qc7 14. Ba3 f6 15.
Ng4 Nd7 16. Qc2 f5 17. Nh2 Nf6 18. Rfd1 Be6 19. Rd2 Bf7 20. Rbd1 e6 21. Nf1
Rac8 22. Ng3 h6 23. Qb1 g5 24. Bb2 Bg6 25. Qa1 f4 26. Nf1 Rf8 27. Bg4 Nxg4 28.
hxg4 Rf7 29. d5 cxd5 30. cxd5 exd5 31. Rxd5 Rcf8 32. Bxg7 Rxg7 33. Qd4 Qc2 34.
exf4 gxf4 35. g5 h5 36. Qb6 Bf7 37. Rd7 Qxb3 38. Qd4 Qe6 39. Rxb7 Rxg5 40. Rb5
Rxb5 41. axb5 Rb8 42. Qc5 Rb6 43. Qg5+ Qg6 44. Qxf4 Rxb5 45. Ne3 a4 46. Rd6 Qg5
47. Qxe4 Ra5 48. f4 Qc5 49. Rc6 Qa7 50. Kh2 Qd7 51. Nc4 Ra7 52. Ne5 Qe7 53.
Rc8+ Kg7 54. Rc3 a3 55. Rg3+ Kf8 56. Ng6+ Bxg6 57. Qxg6 Qf7 58. Qd6+ Qe7 59.
Qh6+ Ke8 60. Rg8+ Kd7 61. Rg7 Ra5 62. Rxe7+ Kxe7 63. Qb6 Ra4 64. Qc7+ Kf8 65.
Qd8+ 1-0

[Event "SR 2. liga A 2013/2014"]
[Site "?"]
[Date "2014.02.01"]
[Round "7.1"]
[White "Krajnak, Robert"]
[Black "Kahancova, Jana"]
[Result "1-0"]
[WhiteElo "2045"]
[BlackElo "1652"]
[PlyCount "69"]
[EventDate "2013.??.??"]

1. c4 e5 2. Nc3 Nf6 3. Nf3 Nc6 4. d3 d5 5. cxd5 Nxd5 6. e3 g6 7. Be2 Bg7 8. O-O
O-O 9. Bd2 Re8 10. a3 Nb6 11. Qc2 Bf5 12. Ne4 Qe7 13. b4 a6 14. Rab1 Rab8 15.
a4 Nd5 16. Nc5 e4 17. dxe4 Bxe4 18. Nxe4 Qxe4 19. Qb3 Rbd8 20. Rfc1 Rd7 21. Bd3
Qe7 22. Bxa6 Nd8 23. Bf1 Ne6 24. Be1 Ng5 25. Nxg5 Qxg5 26. b5 h5 27. a5 Ra8 28.
a6 b6 29. Rd1 Nf6 30. Qc4 Qc5 31. Rxd7 Nxd7 32. Qe4 Qf8 33. Qc6 Qc8 34. g3 Ra7
35. Bh3 1-0

[Event "SR 2. liga A 2013/2014"]
[Site "?"]
[Date "2014.02.01"]
[Round "7.1"]
[White "Kahanec, Jan"]
[Black "Goga, Frantisek"]
[Result "0-1"]
[WhiteElo "1693"]
[BlackElo "1887"]
[PlyCount "40"]
[EventDate "2013.??.??"]

1. e4 c5 2. Nc3 Nc6 3. d3 d6 4. Be2 g6 5. Be3 Bg7 6. Qd2 e6 7. Nf3 Nge7 8. d4
cxd4 9. Nxd4 O-O 10. Nxc6 bxc6 11. Bh6 d5 12. Bxg7 Kxg7 13. e5 d4 14. Ne4 Qd5
15. Qf4 Qa5+ 16. Nd2 Nd5 17. Qxd4 Rd8 18. c3 c5 19. Qd3 Rb8 20. Nb3 Rxb3 0-1

[Event "SR 2. liga A 2013/2014"]
[Site "?"]
[Date "2014.02.01"]
[Round "7.2"]
[White "Cibulka, Vladimir"]
[Black "Janko, Michal"]
[Result "1/2-1/2"]
[WhiteElo "2238"]
[BlackElo "2260"]
[PlyCount "43"]
[EventDate "2013.??.??"]

1. f4 d5 2. e3 e6 3. d4 f5 4. Nf3 Nf6 5. Bd3 c6 6. O-O Bd6 7. Qe2 O-O 8. Bd2
Nbd7 9. Be1 Ne4 10. c3 Ndf6 11. Nbd2 Bd7 12. Bh4 Qe8 13. Ne5 Nxd2 14. Qxd2 Bxe5
15. fxe5 Ne4 16. Bxe4 dxe4 17. Qe2 Qf7 18. Kh1 Be8 19. Rf2 Qh5 20. Qxh5 Bxh5
21. a4 Rf7 22. Raf1 1/2-1/2

[Event "SR 2. liga A 2013/2014"]
[Site "?"]
[Date "2014.02.01"]
[Round "7.2"]
[White "Farkas, Gabor"]
[Black "Veselsky, Jozef"]
[Result "1/2-1/2"]
[WhiteElo "2307"]
[BlackElo "2160"]
[PlyCount "36"]
[EventDate "2013.??.??"]

1. e4 d5 2. exd5 Qxd5 3. Nc3 Qa5 4. d4 c6 5. Bc4 e6 6. Bd2 Qc7 7. Qe2 Be7 8.
Nf3 Nf6 9. O-O O-O 10. Rfe1 Nbd7 11. Ne5 Nb6 12. a4 Nxc4 13. Qxc4 Bd7 14. Nxd7
Qxd7 15. Ne4 Qd5 16. Nxf6+ Bxf6 17. Qxd5 cxd5 18. c3 Rfc8 1/2-1/2

[Event "SR 2. liga A 2013/2014"]
[Site "?"]
[Date "2014.02.01"]
[Round "7.2"]
[White "Kalmar, Tamas"]
[Black "Janko, Ladislav"]
[Result "1/2-1/2"]
[WhiteElo "1974"]
[BlackElo "2202"]
[PlyCount "35"]
[EventDate "2013.??.??"]

1. d4 f5 2. c4 Nf6 3. Nf3 e6 4. g3 b6 5. Bg2 Bb7 6. O-O Ne4 7. Ng5 Be7 8. Nxe4
fxe4 9. d5 exd5 10. cxd5 O-O 11. Bxe4 Bf6 12. Nc3 Qe8 13. Qd3 Qh5 14. Bf3 Qh3
15. Bg2 Qh5 16. Bf3 Qh3 17. Bg2 Qh5 18. Bf3 1/2-1/2

[Event "SR 2. liga A 2013/2014"]
[Site "?"]
[Date "2014.02.01"]
[Round "7.2"]
[White "Dvorsky, Jozef"]
[Black "Meszaros, Lorant"]
[Result "1/2-1/2"]
[WhiteElo "2013"]
[BlackElo "2027"]
[PlyCount "43"]
[EventDate "2013.??.??"]

1. e4 e5 2. Nf3 Nc6 3. Bb5 a6 4. Ba4 Nf6 5. Qe2 b5 6. Bb3 d6 7. h3 Be7 8. c3
O-O 9. O-O Nd7 10. d4 Bf6 11. Rd1 Re8 12. Bd5 Bb7 13. Bxc6 Bxc6 14. d5 Bb7 15.
a4 bxa4 16. Rxa4 Nb6 17. Ra3 Qd7 18. Nbd2 c5 19. c4 a5 20. Nf1 a4 21. Be3 g6
22. Rb1 1/2-1/2

[Event "SR 2. liga A 2013/2014"]
[Site "?"]
[Date "2014.02.01"]
[Round "7.2"]
[White "Csefalvay, Stefan"]
[Black "Kosar, Mikulas ml"]
[Result "1-0"]
[WhiteElo "1852"]
[BlackElo "1881"]
[PlyCount "43"]
[EventDate "2013.??.??"]

1. b3 d5 2. Bb2 Bf5 3. e3 Nf6 4. Nf3 e6 5. c4 c6 6. cxd5 exd5 7. Nc3 Nbd7 8.
Be2 Bd6 9. d4 O-O 10. O-O Qc7 11. h3 Rfe8 12. Rc1 a6 13. g4 Bg6 14. g5 Ne4 15.
Nxd5 Qd8 16. Nf4 Bxf4 17. exf4 Qc7 18. Ne5 Bf5 19. Bg4 Bxg4 20. Qxg4 Nxe5 21.
fxe5 f5 22. gxf6 1-0

[Event "SR 2. liga A 2013/2014"]
[Site "?"]
[Date "2014.02.01"]
[Round "7.2"]
[White "Puobis, Jozef"]
[Black "Vegh, Vince"]
[Result "1/2-1/2"]
[WhiteElo "1857"]
[BlackElo "1938"]
[PlyCount "71"]
[EventDate "2013.??.??"]

1. e4 c5 2. Nf3 d6 3. Nc3 a6 4. d4 cxd4 5. Nxd4 Nf6 6. Be2 e5 7. Nf5 d5 8. Bg5
d4 9. Nb1 h6 10. Bxf6 Qxf6 11. Ng3 Bc5 12. O-O O-O 13. h3 Nc6 14. Nd2 Be6 15.
Bd3 g6 16. Nb3 Bb6 17. Qd2 Qg5 18. Qxg5 hxg5 19. a3 Rac8 20. Nd2 Na5 21. Rfb1
Rc7 22. Ngf1 Rfc8 23. b3 f6 24. Rb2 Rd7 25. Rab1 Bd8 26. f3 Be7 27. Ra1 Kf7 28.
Kf2 Kg7 29. Nh2 Rcc7 30. Nhf1 f5 31. Ng3 f4 32. Ngf1 Kf6 33. Nh2 Bd6 34. Ng4+
Ke7 35. Ke2 Nc6 36. Nc4 1/2-1/2